MARC

Tag First Indicator Second Indicator Subfields
LEADER 00000cas a2200000 a 4500
001 in00000084510
005 20151008061421.0
008 780328d19561976enkar f0uuua0engm
010 |a  74640563  
012 |a 4 
035 |a (OCoLC)03754848 
035 |9 AAJ8014AM 
040 |a DLC  |c DLC  |d TXA  |d UtOrBLW 
042 |a lc 
043 |a e-uk--- 
049 |a TXAE 
050 0 0 |a TC1  |b .G72 
082 0 |a 627/.05 
245 0 0 |a Hydraulics research. 
264 1 |a London :  |b H. M. Stationery Office,  |c [1956-1976] 
300 |a volumes :  |b illustrations ;  |c 25 cm. 
336 |a text  |b txt  |2 rdacontent 
337 |a unmediated  |b n  |2 rdamedia 
338 |a volume  |b nc  |2 rdacarrier 
362 0 |a 1956-1976. 
550 |a Vols. for 1956-1964 issued by Great Britain. Hydraulics Research Board; for 1965-1970 by Hydraulics Research Station. Steering Committee; for 1971-1976 by the Hydraulics Research Station. 
580 |a Continues: Report of the Hydraulics Research Board with the report of the Director of Hydraulics Research, issued by: Great Britain. Hydraulics Research Board. 
650 0 |a Hydraulic engineering  |x Research  |z Great Britain. 
710 2 |a Hydraulics Research Station (Great Britain) 
780 1 0 |t Report of the Hydraulics Research Board with the report of the Director of Hydraulics Research  |w (DLC) 55027833  |w (OCoLC)1751472 
785 0 0 |t Annual report (Hydraulics Research Station (Great Britain))  |w (OCoLC)7082811 
948 |a t1 
999 |a MARS 
999 f f |s f1a36a64-eb36-33d6-8f33-870c38fea3c1  |i 80bf59f1-52af-354d-87b5-939393d5320c  |t 0 
952 f f |p ric  |a Texas A&M University  |b Rellis Campus  |c Joint Library Facility  |d Remote Storage  |t 0  |e TC1 .G72  |h Library of Congress classification  |i unmediated -- volume  |k 1968  |m A14832259894 
952 f f |p ric  |a Texas A&M University  |b Rellis Campus  |c Joint Library Facility  |d Remote Storage  |t 0  |e TC1 .G72  |h Library of Congress classification  |i unmediated -- volume  |k 1969  |m A14832259933 
952 f f |p ric  |a Texas A&M University  |b Rellis Campus  |c Joint Library Facility  |d Remote Storage  |t 0  |e TC1 .G72  |h Library of Congress classification  |i unmediated -- volume  |k 1975  |m A14832260138 
952 f f |p ric  |a Texas A&M University  |b Rellis Campus  |c Joint Library Facility  |d Remote Storage  |t 0  |e TC1 .G72  |h Library of Congress classification  |i unmediated -- volume  |k 1964  |m A14832259771 
952 f f |p ric  |a Texas A&M University  |b Rellis Campus  |c Joint Library Facility  |d Remote Storage  |t 0  |e TC1 .G72  |h Library of Congress classification  |i unmediated -- volume  |k 1958  |m A14832259909 
952 f f |p ric  |a Texas A&M University  |b Rellis Campus  |c Joint Library Facility  |d Remote Storage  |t 0  |e TC1 .G72  |h Library of Congress classification  |i unmediated -- volume  |k 1965  |m A14832259810 
952 f f |p ric  |a Texas A&M University  |b Rellis Campus  |c Joint Library Facility  |d Remote Storage  |t 0  |e TC1 .G72  |h Library of Congress classification  |i unmediated -- volume  |k 1963  |m A14832260251 
952 f f |p ric  |a Texas A&M University  |b Rellis Campus  |c Joint Library Facility  |d Remote Storage  |t 0  |e TC1 .G72  |h Library of Congress classification  |i unmediated -- volume  |k 1971  |m A14832260015 
952 f f |p ric  |a Texas A&M University  |b Rellis Campus  |c Joint Library Facility  |d Remote Storage  |t 0  |e TC1 .G72  |h Library of Congress classification  |i unmediated -- volume  |k 1960  |m A14832259828 
952 f f |p ric  |a Texas A&M University  |b Rellis Campus  |c Joint Library Facility  |d Remote Storage  |t 0  |e TC1 .G72  |h Library of Congress classification  |i unmediated -- volume  |k 1973  |m A14832260099 
952 f f |p ric  |a Texas A&M University  |b Rellis Campus  |c Joint Library Facility  |d Remote Storage  |t 0  |e TC1 .G72  |h Library of Congress classification  |i unmediated -- volume  |k 1962  |m A14832260382 
952 f f |p ric  |a Texas A&M University  |b Rellis Campus  |c Joint Library Facility  |d Remote Storage  |t 0  |e TC1 .G72  |h Library of Congress classification  |i unmediated -- volume  |k 1967  |m A14832259852 
952 f f |p ric  |a Texas A&M University  |b Rellis Campus  |c Joint Library Facility  |d Remote Storage  |t 0  |e TC1 .G72  |h Library of Congress classification  |i unmediated -- volume  |k 1966  |m A14832260219 
952 f f |p ric  |a Texas A&M University  |b Rellis Campus  |c Joint Library Facility  |d Remote Storage  |t 0  |e TC1 .G72  |h Library of Congress classification  |i unmediated -- volume  |k 1970  |m A14832259975 
952 f f |p ric  |a Texas A&M University  |b Rellis Campus  |c Joint Library Facility  |d Remote Storage  |t 0  |e TC1 .G72  |h Library of Congress classification  |i unmediated -- volume  |k 1974  |m A14831619017 
952 f f |p ric  |a Texas A&M University  |b Rellis Campus  |c Joint Library Facility  |d Remote Storage  |t 0  |e TC1 .G72  |h Library of Congress classification  |i unmediated -- volume  |k 1961  |m A14832259789 
952 f f |p ric  |a Texas A&M University  |b Rellis Campus  |c Joint Library Facility  |d Remote Storage  |t 0  |e TC1 .G72  |h Library of Congress classification  |i unmediated -- volume  |k 1959  |m A14832259860 
952 f f |p ric  |a Texas A&M University  |b Rellis Campus  |c Joint Library Facility  |d Remote Storage  |t 0  |e TC1 .G72  |h Library of Congress classification  |i unmediated -- volume  |k 1976  |m A14832260170 
952 f f |p ric  |a Texas A&M University  |b Rellis Campus  |c Joint Library Facility  |d Remote Storage  |t 0  |e TC1 .G72  |h Library of Congress classification  |i unmediated -- volume  |k 1972  |m A14832260057 
998 f f |a TC1 .G72  |s 1958-1976  |t 0  |l Remote Storage